Vom Bilde zum Buchstaben : die Entstehungsgeschichte der Schrift /

محفوظ في:

المؤلف الرئيسي: Sethe, Kurt, 1869-1934.

مؤلفون آخرون: Schott, Siegfried.

التنسيق: كتاب

اللغة: German

منشور في: Hildesheim : G. Olms, 1964

سلاسل: Untersuchungen zur Geschichte und Altertumskunde Aegyptens ; 12.
UGAA ; 12.

الموضوعات:

الوسوم: إضافة وسم

لا توجد وسوم, كن أول من يضع وسما على هذه التسجيلة!

رقم الطلب: DT57 .U6 v.12

LEADER 01039nam a2200265Ia 4500
003 OSt
005 20231121141330.0
008 800130r19641939gw a b 000 0 ger u
952 |0 0  |1 0  |2 lcc  |3 V.12  |4 0  |6 DT0057 U6 V.00012  |7 1  |9 57103  |a ARCE  |b ARCE  |d 2023-11-21  |l 0  |o DT57 .U6 v.12  |p 1025174  |r 2023-11-21 00:00:00  |w 2023-11-21  |y BK 
999 |c 47622  |d 47622 
040 |c ARCE Library 
050 4 |a DT57 .U6 v.12 
100 1 |a Sethe, Kurt,  |d 1869-1934. 
245 1 0 |a Vom Bilde zum Buchstaben :   |b die Entstehungsgeschichte der Schrift /   |c von Kurt Sethe ; mit einem Beitrag von Siegfried Schott. 
264 1 |a Hildesheim :   |b G. Olms,   |c 1964 
300 |a 83 pages :   |b illustrations ;   |c 28 cm. 
490 0 |a Untersuchungen zur Geschichte und Altertumskunde Aegyptens ;   |v 12. 
490 0 |a UGAA ;   |v 12. 
500 |a Reprint of the 1939 ed. published by J. Hinrichs, Leipzig. 
504 |a Includes bibliographical footnotes. 
650 0 |a Alphabet. 
650 0 |a Writing   |x History. 
700 1 |a Schott, Siegfried. 
901 |a reviewed 
942 |2 lcc  |c BK